| 000 | 00663nam a2200181 i 4500 | ||
|---|---|---|---|
| 001 | 58474 | ||
| 003 | ES-MaACL | ||
| 005 | 20230906163821.0 | ||
| 007 | t| | ||
| 008 | 031022s1952 mr ||||1| spa d | ||
| 100 | 1 |
_aDuyos Giorgeta, Rafael. _946395 |
|
| 245 | 1 | 0 |
_aMuecines y campanas _b: mis versos a Marruecos / _cRafael Duyos. |
| 260 |
_aTetuán : _bEditorial Marroquí, _c1952 ( _fCremades) |
||
| 300 |
_a191 p. ; _c23 cm. |
||
| 500 | _aPrecede al tít.: Instituto General Franco de Estudios e Investigación Hispano-Arabe. | ||
| 710 | 2 |
_aInstituto General Franco de Estudios e Investigación Hispano-Árabe. _9149197 |
|
| 852 |
_aES-MaACL _jC-10213 _bR.38828 |
||
| 999 |
_c58474 _d58474 |
||